Statistics for The Friday Quiz

Click here to take the quiz!

General Stats

  • This quiz has been taken 195 times
  • The average score is 8 of 15

Answer Stats

QuestionAnswer% Correct
In Christianity, what day commemorates the crucifixion of Jesus?{Good} Friday
92%
What name is given to the day after Thanksgiving, signifying the start of the Christmas shopping season?{Black} Friday
90%
What American horror franchise currently has 12 movies among other media?Friday {the} {13th}
79%
Which 2003 movie featuring Lindsay Lohan and Jamie Lee Curtis is based on a 1972 novel?{Freaky} Friday
66%
In astrology which planet is associated with Friday?Venus
65%
Many corporate workplaces in Western culture allow employees to wear informal clothing on this day.{Casual} Friday
64%
Which American restaurant chain uses the slogan "Thank God it's Friday"?{TGI} Fridays
61%
The Good Friday Agreement is a political agreement between which two countries?Ireland
57%
The Good Friday Agreement is a political agreement between which two countries?United Kingdom
57%
In what religion would you find the traditional Friday (or Congregational) prayer?Islam
49%
Which successful Katy Perry song has over 500 million streams on Spotify?{Last} Friday {Night}
35%
Which singer released Friday in 2011 to negative reviews, being flooded with dislikes on the music video?Rebecca Black
30%
What mythical creature is the highest-scoring Scrabble word made from the letters FRIDAY?Fairy
17%
Which British sitcom aired on Channel 4 between 2011 and 2020, starring Tamsin Greig and Paul Ritter?Friday {Night} {Dinner}
15%
Which U.S. State has a legal holiday on the last Friday in October every year named after itself?Nevada
11%

Score Distribution

Percentile by Number Answered

Percent of People with Each Score

Your Score History

You have not taken this quiz